[Event "Baku Summer IM"]
[Site "Baku"]
[Date "2019.07.08"]
[Round "8.2"]
[White "Afshari, Mohammadreza"]
[Black "Benidze, Davit"]
[Result "0-1"]
[WhiteElo "2122"]
[BlackElo "2469"]
[PlyCount "102"]
[EventDate "2019.07.03"]
[EventType "team-schev"]
[EventRounds "9"]
[EventCountry "AZE"]
[SourceTitle "EXT 2020"]
[Source "ChessBase"]
[SourceDate "2019.10.17"]
[SourceVersion "1"]
[SourceVersionDate "2019.10.17"]
[SourceQuality "1"]
[WhiteTeam "Soffia II"]
[BlackTeam "Experts"]
[WhiteTeamCountry "AZE"]
[BlackTeamCountry "AZE"]

1. d4 Nf6 2. c4 c5 3. d5 e6 4. Nc3 exd5 5. cxd5 g6 6. Nf3 Bg7 7. Nd2 0-0 8. e4 Re8 9. Be2 d6 10. 0-0 Na6 11. f3 Nc7 12. a4 b6 13. Nc4 Ba6 14. Bg5 Bxc4 15. Bxc4 a6 16. Qd3 Qd7 17. Rae1 Reb8 18. f4 b5 19. Ba2 c4 20. Qd2 Re8 21. Bb1 b4 22. Nd1 Qxa4 23. e5 Nd7 24. exd6 Rxe1 25. Rxe1 Ne8 26. Be7 c3 27. Qe2 Rc8 28. bxc3 bxc3 29. Bc2 Qb5 30. Qf3 Nxd6 31. f5 Nxf5 32. Bxf5 gxf5 33. Ne3 c2 34. Ba3 Re8 35. Nxc2 Rxe1+ 36. Nxe1 Bd4+ 37. Kh1 Qb1 38. Qg3+ Kh8 39. Bd6 Qe4 40. Nf3 Bf6 41. h3 Qxd5 42. Bf4 Nf8 43. Bh6 Ne6 44. Qb8+ Qd8 45. Qb7 Qd1+ 46. Kh2 Qd6+ 47. Kh1 Nd8 48. Qb3 Be7 49. Bc1 Kg7 50. Bb2+ Bf6 51. Bxf6+ Qxf6 0-1

[Event "Fajr op 27th"]
[Site "Tehran"]
[Date "2019.02.05"]
[Round "1"]
[White "Kuzubov, Yuriy"]
[Black "Afshari, Mohammadreza"]
[Result "1-0"]
[WhiteElo "2650"]
[BlackElo "2167"]
[PlyCount "36"]
[EventDate "2019.02.05"]
[EventType "swiss"]
[EventRounds "9"]
[EventCountry "IRI"]
[SourceTitle "CBM 188 Extra"]
[Source "ChessBase"]
[SourceDate "2019.02.28"]
[SourceVersion "1"]
[SourceVersionDate "2019.02.28"]
[SourceQuality "1"]

1. d4 d5 2. c4 e6 3. Nf3 Nf6 4. g3 Be7 5. Bg2 0-0 6. 0-0 dxc4 7. Qc2 b6 8. Nfd2 Nd5 9. Nxc4 Bb7 10. a3 c5 11. e4 Nf6 12. d5 b5 13. Ne3 a6 14. Nc3 Nbd7 15. dxe6 fxe6 16. e5 Nd5 17. Nexd5 exd5 18. Rd1 Nb6 1-0

[Event "Bandar e Anzali Khazar Cup 16th"]
[Site "Bandar e Anzali"]
[Date "2018.03.05"]
[Round "8"]
[White "Afshari, Mohammadreza"]
[Black "Noroozi, Omid"]
[Result "1/2-1/2"]
[WhiteElo "2158"]
[BlackElo "2356"]
[PlyCount "109"]
[EventDate "2018.02.27"]
[EventType "swiss"]
[EventRounds "9"]
[EventCountry "IRI"]
[SourceTitle "CBM 183 Extra"]
[Source "ChessBase"]
[SourceDate "2018.04.19"]
[SourceVersion "1"]
[SourceVersionDate "2018.04.19"]
[SourceQuality "1"]

1. d4 d6 2. c4 g6 3. Nc3 Bg7 4. e4 Nd7 5. Nf3 e5 6. Be2 Ne7 7. 0-0 0-0 8. Rb1 Nc6 9. d5 Nd4 10. Nxd4 exd4 11. Nb5 Nc5 12. f3 f5 13. b4 d3 14. Bxd3 Nxd3 15. Qxd3 fxe4 16. fxe4 Rxf1+ 17. Kxf1 Be5 18. Kg1 a5 19. Bb2 axb4 20. Bxe5 dxe5 21. d6 c6 22. Nc7 Rxa2 23. c5 Kg7 24. Qg3 Re2 25. Qxe5+ Kh6 26. Qe7 Qd7 27. Qxd7 Bxd7 28. Rxb4 Kg5 29. Rxb7 Rxe4 30. Na8 Bf5 31. Nb6 Re5 32. d7 Re1+ 33. Kf2 Rd1 34. Rc7 Rd4 35. g3 Rd2+ 36. Ke3 Rd3+ 37. Ke2 Rd4 38. Rxc6 Bxd7 39. Rd6 Bg4+ 40. Ke3 Rb4 41. Rd4 Rb3+ 42. Rd3 Rb2 43. h4+ Kf6 44. Kd4 g5 45. hxg5+ Kxg5 46. Kd5 h5 47. Kd6 Bf5 48. Rd5 Kg4 49. Nc4 Re2 50. Re5 Rxe5 51. Kxe5 Bd3 52. Kd4 Be2 53. c6 Kxg3 54. c7 Bg4 55. Ne5 1/2-1/2

[Event "IRI-chT 16th"]
[Site "Sari"]
[Date "2017.09.15"]
[Round "5.2"]
[White "Afshari, Mohammadreza"]
[Black "Maghsoodloo, Parham"]
[Result "1/2-1/2"]
[WhiteElo "2105"]
[BlackElo "2569"]
[PlyCount "76"]
[EventDate "2017.09.13"]
[EventType "team-swiss"]
[EventRounds "11"]
[EventCountry "IRI"]
[SourceTitle "CBM 180 Extra"]
[Source "ChessBase"]
[SourceDate "2017.10.06"]
[SourceVersion "1"]
[SourceVersionDate "2017.10.06"]
[SourceQuality "1"]
[WhiteTeam "Shiraz Darya Borj"]
[BlackTeam "Tehran Saipa"]
[WhiteTeamCountry "IRI"]
[BlackTeamCountry "IRI"]

1. e4 g6 2. d4 Bg7 3. c4 d6 4. Nc3 Nf6 5. Be2 0-0 6. Nf3 e5 7. 0-0 Nc6 8. d5 Ne7 9. b4 a5 10. Ba3 axb4 11. Bxb4 Nd7 12. a4 h6 13. a5 f5 14. Nd2 Rf7 15. Nb3 Nf6 16. f3 f4 17. c5 g5 18. cxd6 cxd6 19. Nb5 Ne8 20. Nd2 Ng6 21. Nc4 Bf8 22. Qc2 h5 23. Rfc1 Rb8 24. Ra3 g4 25. Rc3 gxf3 26. Bxf3 Bg4 27. Qe2 Bxf3 28. Qxf3 Qd7 29. Nba3 Qg4 30. Nd2 Rd8 31. Nb5 Nh8 32. Nc7 Nxc7 33. Rxc7 Rfd7 34. h3 Qg6 35. Qd3 Nf7 36. Nf3 Ng5 37. Nxg5 Qxg5 38. Qf3 Qg6 1/2-1/2

[Event "IRI-chT 16th"]
[Site "Sari"]
[Date "2017.09.14"]
[Round "4.2"]
[White "Darini, Pouria"]
[Black "Afshari, Mohammadreza"]
[Result "1-0"]
[WhiteElo "2488"]
[BlackElo "2105"]
[PlyCount "107"]
[EventDate "2017.09.13"]
[EventType "team-swiss"]
[EventRounds "11"]
[EventCountry "IRI"]
[SourceTitle "CBM 180 Extra"]
[Source "ChessBase"]
[SourceDate "2017.10.06"]
[SourceVersion "1"]
[SourceVersionDate "2017.10.06"]
[SourceQuality "1"]
[WhiteTeam "Bandarabbas Azad Univ"]
[BlackTeam "Shiraz Darya Borj"]
[WhiteTeamCountry "IRI"]
[BlackTeamCountry "IRI"]

1. e4 c5 2. Nf3 d6 3. d4 cxd4 4. Nxd4 Nf6 5. Nc3 g6 6. Be3 Bg7 7. f3 0-0 8. Qd2 Nc6 9. g4 Be6 10. Nxe6 fxe6 11. 0-0-0 d5 12. g5 d4 13. gxf6 Bxf6 14. Qe1 Qa5 15. Nd5 Qxe1 16. Nxf6+ Rxf6 17. Rxe1 dxe3 18. Rxe3 Raf8 19. Be2 Nd4 20. Bd1 Nxf3 21. Rb3 b6 22. Ra3 Ng5 23. Rxa7 Nxe4 24. Re1 Nd6 25. Rxe7 Re8 26. Rc7 e5 27. c4 Rf4 28. Bb3 Kh8 29. Rc6 Rd4 30. Rd1 Nf5 31. Rxb6 e4 32. c5 Re5 33. Re6 Rxc5+ 34. Kb1 Rb4 35. Rd7 Rc8 36. h4 e3 37. h5 Rh4 38. hxg6 hxg6 39. Rd1 Rh2 40. Re1 Kg7 41. Re4 Rd8 42. Rb4 Rdd2 43. Bc4 Nd6 44. Ba6 g5 45. a4 Nf5 46. a5 Kf6 47. Bb5 g4 48. a6 g3 49. a7 Rd8 50. Bc6 Rhh8 51. Be4 Ke5 52. Ra4 Kf4 53. a8Q Rxa8 54. Bxa8+ 1-0

[Event "St Petersburg Chess Day"]
[Site "St Petersburg"]
[Date "2017.07.21"]
[Round "6"]
[White "Timerkhanov, Alexander"]
[Black "Afshari, Mohammadreza"]
[Result "0-1"]
[WhiteElo "2319"]
[BlackElo "2068"]
[PlyCount "70"]
[EventDate "2017.07.16"]
[EventType "tourn"]
[EventRounds "9"]
[EventCountry "RUS"]
[EventCategory "2"]
[SourceTitle "CBM 179 Extra"]
[Source "ChessBase"]
[SourceDate "2017.08.23"]
[SourceVersion "1"]
[SourceVersionDate "2017.08.23"]
[SourceQuality "1"]

1. d4 d5 2. c4 e6 3. Nc3 Be7 4. cxd5 exd5 5. Bf4 Nf6 6. e3 Bf5 7. Qb3 Nc6 8. Qxb7 Nb4 9. Rc1 0-0 10. Bxc7 Qc8 11. Qxc8 Rfxc8 12. Be5 Ne4 13. f3 Nxc3 14. bxc3 Nxa2 15. Ra1 Nxc3 16. Ba6 Re8 17. Bb7 Rad8 18. Kf2 Bd6 19. g4 Bg6 20. Nh3 Bxe5 21. dxe5 Rb8 22. Rhc1 Rxb7 23. Rxc3 h5 24. gxh5 Bxh5 25. Ng5 f6 26. exf6 gxf6 27. Nh3 Rb2+ 28. Kg3 Re7 29. Rc8+ Kh7 30. Ra8 Rg7+ 31. Kh4 Rxh2 32. R1xa7 Bf7 33. Ra6 Rg6 34. R8a7 Kg8 35. Rb6 Rhg2 0-1

[Event "Asian-ch Amateur"]
[Site "Isfahan"]
[Date "2016.11.16"]
[Round "7.4"]
[White "Afshari, Mohammadreza"]
[Black "Hashemzadeh, Ali"]
[Result "1-0"]
[WhiteElo "2093"]
[BlackElo "1830"]
[PlyCount "89"]
[EventDate "2016.11.12"]
[EventType "swiss"]
[EventRounds "9"]
[EventCountry "IRI"]
[SourceTitle "EXT 2024"]
[Source "ChessBase"]
[SourceDate "2023.10.10"]
[SourceVersion "1"]
[SourceVersionDate "2023.10.10"]
[SourceQuality "1"]

1. d4 c6 2. c4 d5 3. Nc3 Nf6 4. Nf3 e6 5. Bg5 Qb6 6. Qc2 Ne4 7. Nxe4 dxe4 8. c5 Qa5+ 9. Bd2 Qd8 10. Qxe4 b6 11. cxb6 Qxb6 12. Qc2 Ba6 13. Rc1 Bd6 14. g3 h6 15. Bg2 0-0 16. Bc3 Nd7 17. 0-0 Rac8 18. Rfd1 Qb5 19. e3 Nf6 20. Bf1 Qb6 21. Bxa6 Qxa6 22. a3 Qb5 23. Qd3 Qh5 24. e4 Ng4 25. e5 Be7 26. Kg2 f5 27. h3 f4 28. hxg4 Qxg4 29. Nh2 Qg5 30. Bd2 Rf5 31. g4 h5 32. Kh1 hxg4 33. Rg1 Kf7 34. Rxg4 Qh6 35. Rcg1 Rh8 36. R1g2 g5 37. f3 Qh3 38. Kg1 Rd8 39. Nf1 c5 40. Rh2 Rxd4 41. Qe2 Rxe5 42. Qxe5 Qxf3 43. Rh7+ Ke8 44. Qxe6 Qb7 45. Rh8# 1-0

[Event "IRI-chT 14th"]
[Site "Tehran"]
[Date "2015.11.10"]
[Round "9.5"]
[White "Afshari, Mohammadreza"]
[Black "Darini, Pouria"]
[Result "0-1"]
[WhiteElo "2138"]
[BlackElo "2509"]
[PlyCount "68"]
[EventDate "2015.07.17"]
[EventType "team-tourn"]
[EventRounds "13"]
[EventCountry "IRI"]
[SourceTitle "EXT 2017"]
[Source "ChessBase"]
[SourceDate "2016.10.25"]
[SourceVersion "1"]
[SourceVersionDate "2016.10.25"]
[SourceQuality "1"]
[WhiteTeam "Darya Borj Shiraz"]
[BlackTeam "Tehran Esteghlal"]
[WhiteTeamCountry "IRI"]
[BlackTeamCountry "IRI"]

1. d4 Nf6 2. c4 g6 3. Nc3 d5 4. Bf4 Bg7 5. e3 c5 6. dxc5 Qa5 7. Rc1 dxc4 8. Bxc4 0-0 9. Nf3 Qxc5 10. Bb3 Nc6 11. 0-0 Qh5 12. h3 h6 13. Bh2 g5 14. Ne5 g4 15. hxg4 Bxg4 16. Nxg4 Nxg4 17. Bf4 Rad8 18. Qf3 e5 19. Bg3 Kh8 20. Qe2 f5 21. f4 exf4 22. Rxf4 Rde8 23. Nd5 Qg5 24. Qd2 Be5 25. Rf3 Nxe3 26. Bf4 Bxf4 27. Nxf4 Ng4 28. Qc3+ Nce5 29. Ne6 Qh4 30. Rh3 Qf2+ 31. Kh1 Rf6 32. Qc7 Rg6 33. Qxb7 Qxb2 34. Rhc3 Nf3 0-1

[Event "IRI-chT"]
[Site "Iran"]
[Date "2005.09.29"]
[Round "10"]
[White "Petrosian, Davit Gevorgi"]
[Black "Afshari, Mohammadreza"]
[Result "1-0"]
[WhiteElo "2380"]
[BlackElo "2226"]
[PlyCount "83"]
[EventDate "2005.05.26"]
[EventType "team-tourn"]
[EventRounds "11"]
[EventCountry "IRI"]
[SourceTitle "CBM 106 Extra"]
[Source "ChessBase"]
[SourceDate "2005.07.01"]
[SourceVersion "1"]
[SourceVersionDate "2005.07.01"]
[SourceQuality "1"]

1. e4 d5 2. exd5 Nf6 3. d4 Bg4 4. f3 Bf5 5. g4 Bg6 6. c4 e6 7. dxe6 Nc6 8. Be3 Bb4+ 9. Nc3 Qe7 10. d5 0-0-0 11. Qa4 Rxd5 12. cxd5 Nxd5 13. Bd2 Nb6 14. Qb5 Nd4 15. Qe5 Nc2+ 16. Kf2 Nxa1 17. f4 Qh4+ 18. Kf3 h5 19. Bh3 Bd6 20. Qxg7 hxg4+ 21. Bxg4 Kb8 22. Nge2 Bf8 23. Qe5 Nc2 24. Nb5 Bh5 25. Bxh5 Rxh5 26. Qxc7+ Ka8 27. Qxc2 Rxb5 28. Ng3 fxe6 29. Qg6 Qd8 30. Bc3 a6 31. Qxe6 Bc5 32. Qe4 Ka7 33. h4 Be7 34. h5 Rd5 35. h6 Rd3+ 36. Kg2 Nd5 37. Bd4+ b6 38. h7 Rd2+ 39. Kf3 Nf6 40. h8Q Nxe4 41. Qxd8 Bxd8 42. Rh7+ 1-0

[Event "IRI-chT"]
[Site "Iran"]
[Date "2005.08.25"]
[Round "8"]
[White "Dehdashti Zadeh, A."]
[Black "Afshari, Mohammadreza"]
[Result "0-1"]
[WhiteElo "2229"]
[BlackElo "2226"]
[PlyCount "140"]
[EventDate "2005.05.26"]
[EventType "team-tourn"]
[EventRounds "11"]
[EventCountry "IRI"]
[SourceTitle "CBM 106 Extra"]
[Source "ChessBase"]
[SourceDate "2005.07.01"]
[SourceVersion "1"]
[SourceVersionDate "2005.07.01"]
[SourceQuality "1"]

1. e4 d5 2. exd5 Nf6 3. d4 Bg4 4. Nf3 Qxd5 5. Be2 Nc6 6. 0-0 0-0-0 7. c3 e5 8. dxe5 Bxf3 9. Bxf3 Qxd1 10. Rxd1 Rxd1+ 11. Bxd1 Nxe5 12. Be2 Bc5 13. Bf4 Neg4 14. Bg3 h5 15. Bxg4+ Nxg4 16. b4 Bb6 17. h3 h4 18. Bxh4 Ne3 19. fxe3 Rxh4 20. Kf1 Bxe3 21. Ke2 Bc1 22. a4 Rc4 23. Ra2 Rc6 24. Rc2 Bh6 25. c4 a5 26. b5 Re6+ 27. Kd3 Re3+ 28. Kd4 Rb3 29. Nc3 g6 30. Nd5 Bg7+ 31. Kc5 Kd7 32. Rd2 Bf8+ 33. Kd4 Ra3 34. Ke5 Bd6+ 35. Kf6 b6 36. Kxf7 Rxa4 37. Rc2 g5 38. Kf6 Ra1 39. Kxg5 a4 40. Nc3 Be5 41. h4 a3 42. g4 Re1 43. Nd5 Rb1 44. Ra2 Bd6 45. h5 Rb2 46. Ra1 Rc2 47. Ne3 Re2 48. Nf5 Bb4 49. Nd4 Rh2 50. Nc6 Bd6 51. h6 Bf8 52. Kg6 Rxh6+ 53. Kf7 Bd6 54. g5 Rh4 55. Rf1 a2 56. Ra1 Rf4+ 57. Kg8 Rf2 58. g6 Ke6 59. Re1+ Kf6 60. g7 Bf4 61. Nb4 Be5 62. Nd5+ Kf5 63. Ne7+ Ke6 64. Kh7 Rh2+ 65. Kg6 Rg2+ 66. Kh6 Rh2+ 67. Kg6 Rg2+ 68. Kh6 Rxg7 69. Nc6 a1Q 70. Rxe5+ Kf6 0-1

[Event "IRI-chT"]
[Site "Iran"]
[Date "2005.05.27"]
[Round "2"]
[White "Afshari, Mohammadreza"]
[Black "Ibrahimov, Rasul"]
[Result "1/2-1/2"]
[WhiteElo "2226"]
[BlackElo "2511"]
[PlyCount "109"]
[EventDate "2005.05.26"]
[EventType "team-tourn"]
[EventRounds "11"]
[EventCountry "IRI"]
[SourceTitle "CBM 106 Extra"]
[Source "ChessBase"]
[SourceDate "2005.07.01"]
[SourceVersion "1"]
[SourceVersionDate "2005.07.01"]
[SourceQuality "1"]

1. e4 c5 2. Nf3 d6 3. d4 cxd4 4. Nxd4 Nf6 5. Nc3 a6 6. Be3 e5 7. Nb3 Be6 8. Qd2 Be7 9. f3 0-0 10. 0-0-0 Nbd7 11. g4 b5 12. g5 b4 13. Ne2 Ne8 14. f4 a5 15. f5 a4 16. fxe6 axb3 17. exf7+ Rxf7 18. Kb1 bxc2+ 19. Kxc2 Nb6 20. Nc1 d5 21. exd5 Nd6 22. Kb1 Nbc4 23. Bxc4 Nxc4 24. Qe2 Nxe3 25. Qxe3 Bxg5 26. Qb3 Qd6 27. Nd3 e4 28. Nxb4 Rf2 29. Rdf1 Rxf1+ 30. Rxf1 Rb8 31. a3 Bd2 32. Qc4 Bxb4 33. axb4 Qxb4 34. Qxb4 Rxb4 35. d6 Rd4 36. Rf4 g5 37. Rg4 h6 38. h4 Kg7 39. hxg5 h5 40. Rh4 Kg6 41. d7 Kxg5 42. Rxe4 Rxd7 43. Kc2 h4 44. b4 h3 45. Re1 h2 46. Rh1 Rh7 47. Kc3 Kf4 48. Kc4 Kg3 49. b5 Kg2 50. Rxh2+ Rxh2 51. Kc5 Kf3 52. b6 Ke4 53. b7 Rb2 54. Kc6 Rxb7 55. Kxb7 1/2-1/2

[Event "Dubai op 03rd"]
[Site "Dubai"]
[Date "2001.04.22"]
[Round "7"]
[White "Afshari, Mohammadreza"]
[Black "Kuznetsov, Kirill"]
[Result "1-0"]
[WhiteElo "2206"]
[BlackElo "2146"]
[PlyCount "150"]
[EventDate "2001.04.15"]
[EventType "swiss"]
[EventRounds "9"]
[EventCountry "UAE"]
[SourceTitle "CBM 083"]
[Source "ChessBase"]
[SourceDate "2001.07.05"]
[SourceVersion "1"]
[SourceVersionDate "2001.07.05"]
[SourceQuality "1"]

1. Nf3 d5 2. d4 Nf6 3. c4 c6 4. Qc2 g6 5. Bf4 Bg7 6. h3 0-0 7. e3 Bf5 8. Qb3 Qc8 9. Nc3 dxc4 10. Bxc4 b5 11. Be2 a6 12. 0-0 c5 13. dxc5 Qxc5 14. Rac1 Be6 15. Qd1 Qb6 16. Nd4 Nbd7 17. Bf3 Rac8 18. Nxe6 Qxe6 19. Bb7 Rcd8 20. Bc7 Rde8 21. Nd5 Nb8 22. Qb3 Nfd7 23. f4 Nf6 24. Rfe1 Ne4 25. Qb4 Nf6 26. e4 Nxd5 27. Bxd5 Qf6 28. e5 Qf5 29. Re3 Bh6 30. Rf3 Qd7 31. Rd3 Qf5 32. Rd4 Qc8 33. Rc3 Qf5 34. Re4 Qd7 35. Rd4 Qf5 36. Bb3 Kh8 37. g4 Qb1+ 38. Rd1 a5 39. Qxa5 Qe4 40. g5 b4 41. Rc2 Bg7 42. Rf2 f6 43. gxf6 exf6 44. e6 f5 45. Qd5 Qe3 46. Qd3 Rxe6 47. Bxe6 Qxe6 48. Qd6 Qc8 49. Bxb8 Qxb8 50. Qxb8 Rxb8 51. Rd7 Re8 52. Rc2 h6 53. b3 g5 54. Kg2 Rg8 55. Rcc7 Kh7 56. Kf3 Kg6 57. Rc6+ Kh5 58. Rb7 Bc3 59. Rbb6 g4+ 60. hxg4+ fxg4+ 61. Kg2 Rh8 62. a4 Bd2 63. f5 Kg5 64. f6 Rf8 65. a5 h5 66. Rb5+ Kg6 67. f7+ Kg7 68. Rxh5 Rxf7 69. Rc4 Bf4 70. Rh4 Bc7 71. Rhxg4+ Kf8 72. Rxb4 Bxa5 73. Rb8+ Ke7 74. Rb7+ Ke6 75. Rxf7 Kxf7 1-0

[Event "Dubai op 03rd"]
[Site "Dubai"]
[Date "2001.04.16"]
[Round "2"]
[White "Afshari, Mohammadreza"]
[Black "Ermenkov, Evgenij"]
[Result "0-1"]
[WhiteElo "2206"]
[BlackElo "2478"]
[PlyCount "68"]
[EventDate "2001.04.15"]
[EventType "swiss"]
[EventRounds "9"]
[EventCountry "UAE"]
[SourceTitle "CBM 083"]
[Source "ChessBase"]
[SourceDate "2001.07.05"]
[SourceVersion "1"]
[SourceVersionDate "2001.07.05"]
[SourceQuality "1"]

1. Nf3 g6 2. c4 Bg7 3. d4 Nf6 4. Nc3 0-0 5. e4 d6 6. Be2 c5 7. 0-0 Nc6 8. d5 Na5 9. Nd2 e5 10. a3 b6 11. b4 Nb7 12. Nb3 Ne8 13. Bd2 f5 14. f3 Nf6 15. Rb1 Rf7 16. bxc5 dxc5 17. Qc2 Bd7 18. a4 Nd6 19. a5 Nh5 20. g3 Nf6 21. axb6 axb6 22. Ra1 Rb8 23. Ra7 Qf8 24. Qb1 Bh6 25. Bxh6 Qxh6 26. Qc1 Qg7 27. Qb1 fxe4 28. Nxc5 Bh3 29. Rxf7 Qxf7 30. Re1 exf3 31. Bxf3 Rf8 32. Ne6 Nfe4 33. Nxe4 Qxf3 34. Nf4 Rxf4 0-1